00277nam a22001337a 450000500170000000800410001704100080005808200100006624500260007626000110010230000080011394200070012199900150012820160629110816.0160629b xxu||||| |||| 00| 0 eng d aeng b10981 aPower of Illustration bWabcom a157 cBK c4587d4585